000 01043am a2200361a 44500
003 AR-BaBNM
005 20251128203525.0
008 186019s1951 #AR|||||||||||000 | esp||
040 _cAR-BaBNM
100 1 _aHovre, F. de
245 1 0 _aPensadores pedagógicos contemporáneos
_bEstudio de los pedagogos contemporáneos españoles
260 _aMadrid
_bEdiciones Fax
_c1951
300 _a624 p.
_bil.
490 0 _aBiblioteca de filosofía y pedagogía
500 _aIndice cronológico: p. 599-602
500 _aIndice onomástico: p. 603-608
500 _aIndice análitico: p. 609-613
650 4 _aBIOGRAFIAS
650 4 _aHISTORIA DE LA EDUCACION
650 4 _aESCUELAS FILOSOFICAS
651 4 _aPaíses Bajos
651 4 _aReino Unido
651 4 _aItalia
651 4 _aFrancia
651 4 _aEstados Unidos
651 4 _aEspaña
651 4 _aAlemania
653 _aPEDAGOGOS
700 1 _aBernáldez, José María
_etraductor
700 1 _aGalino Carrillo, María Angeles
942 _cBK
998 _cGrace
999 _c3782
_d3782